Comarca del jazmín

Zapisane w:
Opis bibliograficzny
1. autor: Castro, Oscar (Autor)
Format: Książka
Język:hiszpański
Wydane: Santiago Andrés Bello 1985
Seria:Biblioteca Andrés Bello, 40
Hasła przedmiotowe:
Etykiety: Dodaj etykietę
Nie ma etykietki, Dołącz pierwszą etykiete!

MARC

LEADER 00000nam a2200000 a 4500
001 UCT2523
003 CL-VaPUC
008 961011e19850000CL |||||||||||||||||spa|d
082 0 4 |a Ch863  |b CAS  |2 21 
100 0 |a Castro, Oscar  |e author  |9 330530 
245 1 0 |a Comarca del jazmín 
300 |a 139 p 
942 |c BK 
945 |d 19961011 00:00:00  |a rleighto 
260 |a Santiago  |b Andrés Bello  |c 1985 
650 0 |a Cuentos chilenos   |9 308280 
583 |a last modification  |c 19961011 00:00:00  |k Rodrigo Vera 
490 0 |a Biblioteca Andrés Bello, 40 
999 |c 252586  |d 252584 
952 |0 0  |1 0  |4 0  |6 CH_863_000000000000000_CAS_1985  |7 0  |8 A  |9 272516  |a BIBEDU  |b BIBEDU  |d 2019-11-19  |i 3239411  |o Ch863 CAS 1985  |p 3239411  |r 2019-11-19  |w 2019-11-19  |y BK  |k LIT